000 00956nam a2200241 i 4500
001 99442
003 ES-MaACL
005 20230906182510.0
007 t|
008 050908s1982 sp ||||1| spa d
100 1 _aMartínez, Crisóstomo.
_977729
245 1 3 _aEl atlas anatómico de Crisóstomo Martínez
_b: grabador y microcopista del siglo XVII /
_cCrisóstomo Martínez; estudio y transcripción de José María López Piñeiro.
250 _a2ª ed.
_brev. y ampl.
260 _aValencia :
_bAyuntamiento,
_c1982.
300 _a98 p., lám. I-XIX (1) ;
_c32 cm.
490 1 _aPublicaciones del Archivo Municipal de Valencia. Serie Segunda
500 _a(1).- Las tres últimas pleg.
700 1 _aLópez Piñeiro, José María.
_973894
710 1 _aValencia.
_bAyuntamiento.
_97531
830 0 _aPublicaciones del Archivo Municipal de Valencia. Serie Segunda
_9232394
852 _aES-MaACL
_jL-2060
_bR.103196
999 _c99442
_d99442